000 00890cab a2200241 4500
001 ABS39823
008 090401t1988 xxu||||| |||| 00| 0 eng d
035 _a(Sirsi) u19173
041 _aeng
100 _aWeatherhead, P.
245 2 _aA notable transition
260 _c1988
350 _a0
490 _aBuilding
_v253(7568) 7 October 1988, 49-51(3)
520 _aDescribes the conversion of a Grade II Georgian chapel and two nearby cottages into a modern arts centre housing a concert hall and music school. Two of the four phases of the project at the Countess of Huntingdon`s Hall and the Elgar School of Music in Worcester are complete.
650 _aCHURCHES
650 _aHISTORIC BUILDINGS
650 _aLISTED BUILDINGS
650 _aBUILT ENVIRONMENT-BUILDING MAINTENANCE AND REFURBISHMENT
690 _aRefurbishment
_96264
942 _n0
948 _c04/03/1997
999 _c12772
_d12772